[Event "Nova Gorica op"]
[Site "Nova Gorica"]
[Date "1997.??.??"]
[Round "7"]
[White "Marjanovic, Slavko"]
[Black "Doric, Nenad"]
[Result "0-1"]
[WhiteElo "2070"]
[BlackElo "2250"]

1.d4 d5 2.c4 e6 3.Nc3 c6 4.e3 Nf6 5.Nf3 Nbd7 6.Bd3 dxc4 7.Bxc4 b5 8.Bd3 Bb7
9.O-O a6 10.e4 c5 11.e5 Nd5 12.Nxd5 Bxd5 13.Be3 h6 14.Qe2 Qb6 15.Rac1 c4
16.Bb1 Qb7 17.Ne1 Be4 18.f4 Be7 19.Qf2 Bxb1 20.Rxb1 Qe4 21.Rc1 Nb6 22.Qf3 Qxf3
23.Nxf3 Kd7 24.Nd2 Nd5 25.Kf2 Nb4 26.Ra1 Nd3+ 27.Kf3 Nxb2 28.Ke4 Na4 29.Rac1 Bb4
30.Nb1 Nb6 31.f5 Nd5 32.Bd2 Bxd2 33.Nxd2 Rhc8 34.a3 Ra7 35.fxe6+ Kxe6 36.Kf3 f5
37.exf6 Nxf6 38.Ne4 Rf8 39.Nxf6 Rxf6+ 40.Ke4 Rxf1 41.Rxf1 c3 42.Kd3 Rc7 43.Rc1 c2
44.Rxc2 Rxc2 45.Kxc2 Kd5 46.Kc3 a5 47.g3 Ke4 48.a4 bxa4 49.Kc4 a3  0-1

[Event "Nova Gorica op"]
[Site "Nova Gorica"]
[Date "1997.??.??"]
[Round "8"]
[White "Kogan, Artur"]
[Black "Novikov, Igor A"]
[Result "1/2-1/2"]
[WhiteElo "2515"]
[BlackElo "2580"]

1.c4 e6 2.Nf3 d5 3.d4 Nf6 4.Nc3 c6 5.e3 Nbd7 6.Qc2 Bd6 7.Be2 O-O 8.O-O dxc4
9.a4 c5 10.Nb5 Be7 11.dxc5 Bxc5 12.Qxc4 a6 13.Nc3 b5 14.Qh4 b4 15.Ne4 Nxe4
16.Qxe4 Rb8 17.Rd1 Qe7 18.Qc4 Nb6 19.Qg4 Bb7 20.e4 Rbd8 21.Rxd8 Rxd8 22.Be3 Bd6
23.Qg5 Qxg5 24.Nxg5 Nd7 25.Rd1 Be7 26.f3 h6 27.Nh3 Kf8 28.Nf4 Ke8 29.Nd3 Rc8
30.Kf2 Bd6 31.Ne1 Be5 32.Nd3 Bd6 33.Ne1 Be5 34.Nd3  1/2-1/2

[Event "Nova Gorica op"]
[Site "Nova Gorica"]
[Date "1997.??.??"]
[Round "8"]
[White "Horvath, Csaba"]
[Black "Savchenko, Stanislav"]
[Result "1/2-1/2"]
[WhiteElo "2485"]
[BlackElo "2575"]

1.d4 d5 2.c4 c6 3.Nf3 Nf6 4.Nc3 e6 5.e3 Nbd7 6.Bd3 dxc4 7.Bxc4 b5 8.Bd3 Bb7
9.O-O a6 10.e4 c5 11.d5 Qc7 12.dxe6 fxe6 13.Qe2 c4 14.Bc2 Bd6 15.Nd4 Nc5
16.f4 e5 17.Nf5 O-O 18.Nxd6 Qxd6 19.fxe5 Qxe5 20.Rf5 Qc7 21.Bg5 Nfxe4 22.Rxf8+ Rxf8
23.Nxe4 Qe5 24.Nf6+ gxf6 25.Bxh7+ Kxh7 26.Qh5+ Kg8 27.Qg6+ Kh8 28.Qh6+  1/2-1/2

[Event "CZE-ch op"]
[Site "Nymburk"]
[Date "1997.??.??"]
[Round "?"]
[White "Spesny, Jan"]
[Black "Suran, Jan"]
[Result "1/2-1/2"]
[WhiteElo "2290"]
[BlackElo "2300"]

1.d4 d5 2.Nf3 Nf6 3.c4 c6 4.Nc3 e6 5.e3 Nbd7 6.Qc2 Bd6 7.Bd2 O-O 8.O-O-O Qe7
9.Kb1 Re8 10.h3 dxc4 11.Bxc4 Nd5 12.e4 Nxc3+ 13.Bxc3 Bb4 14.Bxb4 Qxb4 15.e5 Qe7
16.h4 Nf8 17.Ng5 f6 18.exf6 gxf6 19.Nf3 Bd7 20.g4 Red8 21.g5 Be8 22.gxf6 Qxf6
23.Ne5 Bg6 24.Nxg6 Nxg6 25.Qb3 Rxd4 26.Bxe6+ Kh8 27.h5 Rad8 28.hxg6 Rxd1+
29.Rxd1 Rxd1+ 30.Qxd1 Qxg6+ 31.Kc1 Qxe6 32.Qd4+ Kg8 33.Qxa7  1/2-1/2

[Event "CZE-ch op"]
[Site "Nymburk"]
[Date "1997.??.??"]
[Round "?"]
[White "Voloshin, Leonid"]
[Black "Kozak, Milos"]
[Result "1-0"]
[WhiteElo "2430"]
[BlackElo "2265"]

1.d4 d5 2.c4 c6 3.Nc3 Nf6 4.e3 e6 5.Nf3 Nbd7 6.Be2 Bd6 7.O-O Ne4 8.Nxe4 dxe4
9.Nd2 f5 10.c5 Bc7 11.f4 exf3 12.Nxf3 O-O 13.Bc4 Qe7 14.Qc2 Nf6 15.Qxf5 Kh8
16.Qg5 Bd7 17.Bd2 Qe8 18.Bd3 h6 19.Qg6 Qe7 20.Ne5 Be8 21.Qg3 Rd8 22.Ng6+ Bxg6
23.Qxg6 e5 24.Rxf6  1-0

[Event "RUS-chT"]
[Site "Orel"]
[Date "1997.??.??"]
[Round "?"]
[White "Gagarin, Vasilij"]
[Black "Kalugin, Sergei"]
[Result "1-0"]
[WhiteElo "2420"]
[BlackElo "2255"]

1.d4 d5 2.c4 c6 3.Nc3 Nf6 4.e3 e6 5.Nf3 Nbd7 6.Bd3 Bd6 7.e4 dxe4 8.Nxe4 Nxe4
9.Bxe4 O-O 10.O-O h6 11.Bc2 e5 12.b3 f5 13.dxe5 Nxe5 14.Bb2 Nxf3+ 15.Qxf3 Qc7
16.Rfe1 Bxh2+ 17.Kh1 Bd6 18.Rad1 Rd8 19.Qc3 Bf8 20.c5 Rxd1 21.Bxd1 b5 22.b4 Kh7
23.Bb3 Qd8 24.Rd1 Qg5 25.Qf3 Bb7 26.Be6 Bc8 27.Bb3 Bb7 28.Be6 Bc8 29.Bf7 Rb8
30.Kg1 Be7 31.Be5 Rb7 32.Qxc6 Bf6 33.Bg8+ Kxg8 34.Qxc8+ Kh7 35.Bxf6 Qh5 36.Rd7 Rxd7
37.Qxd7 Qg6 38.Qxg7+  1-0

[Event "RUS-chT"]
[Site "Orel"]
[Date "1997.??.??"]
[Round "?"]
[White "Notkin, Maksim"]
[Black "Beshukov, Sergei"]
[Result "1-0"]
[WhiteElo "2515"]
[BlackElo "2435"]

1.d4 d5 2.c4 c6 3.Nf3 e6 4.e3 Nf6 5.Nc3 Nbd7 6.Bd3 dxc4 7.Bxc4 b5 8.Bd3 Bb7
9.O-O a6 10.e4 c5 11.d5 c4 12.Bc2 Qc7 13.dxe6 fxe6 14.Nd4 Nc5 15.Be3 Rd8
16.Qe2 e5 17.Nf5 Nd3 18.Bg5 Bc5 19.Rad1 O-O 20.Bxf6 Rxf6 21.Bxd3 cxd3 22.Rxd3 Rdf8
23.Nd5 Bxd5 24.Rxd5 g6 25.Nh6+ Kh8 26.Ng4 R6f7 27.h3 Bd4 28.Qd2 Rf4 29.g3 Rf3
30.Rxd4 exd4 31.Qxd4+ Qg7 32.Qxg7+ Kxg7 33.Ne5 R3f6 34.Nd7 Rd8 35.Nxf6 Kxf6
36.f4 Rd2 37.Rf2 Rd3 38.Kg2 Re3 39.e5+ Kf5 40.g4+ Ke6 41.Rd2 g5 42.Rd6+ Ke7
43.fxg5 Rxe5 44.Rxa6 Re2+ 45.Kf3 Rxb2 46.Ra7+ Kf8 47.Rxh7 Rxa2 48.h4  1-0

[Event "RUS-chT"]
[Site "Orel"]
[Date "1997.??.??"]
[Round "?"]
[White "Rustemov, Alexander"]
[Black "Iskusnyh, Sergei"]
[Result "1-0"]
[WhiteElo "2550"]
[BlackElo "2440"]

1.d4 d5 2.c4 c6 3.Nc3 Nf6 4.Nf3 e6 5.e3 Nbd7 6.Qc2 Bd6 7.b3 O-O 8.Be2 a6
9.O-O e5 10.cxd5 cxd5 11.dxe5 Nxe5 12.Bb2 Nc6 13.Rad1 Re8 14.h3 h6 15.Na4 Ne4
16.Ba1 Be6 17.Qb2 Nf6 18.Nd4 Bd7 19.Nxc6 Bxc6 20.Qb1 Ne4 21.Nc3 Re6 22.Nxe4 Rxe4
23.Bf3 Re6 24.Rd4 Be5 25.Rd2 Bc7 26.Rfd1 Qd6 27.g3 Rg6 28.Qd3 Rd8 29.Qf1 Ba5
30.Rc2 Re8 31.Bd4 Bc7 32.Qg2 a5 33.Bc5 Qe6 34.Rcd2 d4 35.Bxc6 dxe3 36.Bd5 Qf5
37.Re2 Re5  1-0

[Event "Orense op"]
[Site "Orense"]
[Date "1997.??.??"]
[Round "5"]
[White "Nikcevic, Nebojsa"]
[Black "Kolev, Atanas"]
[Result "0-1"]
[WhiteElo "2525"]
[BlackElo "2530"]

1.Nf3 Nf6 2.c4 e6 3.Nc3 d5 4.d4 c6 5.e3 Nbd7 6.Qc2 Bd6 7.Bd2 O-O 8.Bd3 dxc4
9.Bxc4 a6 10.O-O c5 11.dxc5 Nxc5 12.a4 b6 13.e4 Ncd7 14.Rfe1 Qc7 15.Bf1 Bb7
16.h3 Rac8 17.Rac1 Qb8 18.Qb3 Nc5 19.Qa2 Ncxe4 20.Nxe4 Nxe4 21.Bxa6 Nxd2
22.Bxb7 Qxb7 23.Nxd2 Bb4 24.Rcd1 Rfd8 25.b3 Rd5 26.Nc4 Bxe1 27.Rxe1 Rcd8
28.Qe2 h6 29.Rb1 Qc7 30.g3 Rd4 31.Kh2 Qb7 32.b4 Qc6 33.Ne5 Qd5 34.Nf3 Rd3
35.Ne5 Rd4 36.Nf3 Re4 37.Qa6 Qd3 38.Qxb6 Rd6 39.Qb8+ Kh7 40.Rb2 Qxf3  0-1

[Event "Internet Rapid"]
[Site "Oslo"]
[Date "1997.??.??"]
[Round "2"]
[White "Agdestein, Simen"]
[Black "Bacrot, Etienne"]
[Result "1-0"]
[WhiteElo "2570"]
[BlackElo "2500"]

1.d4 d5 2.c4 c6 3.Nc3 Nf6 4.Nf3 e6 5.e3 Nbd7 6.Qc2 Bd6 7.Be2 O-O 8.O-O Qe7
9.b3 b6 10.a4 a5 11.cxd5 cxd5 12.Nb5 Bb4 13.Ne5 Nxe5 14.dxe5 Nd7 15.Bb2 Ba6
16.Rfc1 Rac8 17.Qd1 Bxb5 18.Bxb5 Nc5 19.Bd4 Qb7 20.f3 Rc7 21.g4 Rfc8 22.Kg2 h6
23.h4 Kf8 24.Kh3 Qb8 25.Ra2 Ke7 26.Rac2 Qb7 27.Rb1 Nd7 28.Rbc1 Nc5 29.h5 Nd7
30.Bxd7 Kxd7 31.f4 Bc5 32.f5 Bxd4 33.exd4 Ke7 34.Qd2 Kd7 35.f6 gxf6 36.exf6 Qb8
37.Rxc7+ Rxc7 38.Qxh6 Rxc1 39.Qxc1 e5 40.Qg5 exd4 41.Qxd5+ Kc8 42.Qc6+ Kd8
43.Qd5+ Kc8 44.Qc4+ Kb7 45.Qxf7+ Ka6 46.Qc4+ Ka7 47.Qxd4 Qb7 48.Kh4 Qh1+
49.Kg5 Qc1+ 50.Kg6 Qc6 51.Kg7 Qc1 52.Qd7+ Ka6 53.f7 Qg5+ 54.Kh7  1-0

[Event "Ozery op1 Seniors"]
[Site "Ozery"]
[Date "1997.??.??"]
[Round "6"]
[White "Arkhangelsky, Boris"]
[Black "Zhuravliov, Valerij"]
[Result "1-0"]
[WhiteElo "2425"]
[BlackElo "2450"]

1.Nf3 Nf6 2.c4 c6 3.d4 d5 4.Nc3 e6 5.e3 Be7 6.Bd3 O-O 7.O-O Nbd7 8.e4 dxe4
9.Nxe4 Re8 10.Qe2 Nf8 11.Rd1 Bd7 12.Ne5 Nxe4 13.Bxe4 f6 14.Nf3 Qc7 15.b3 Rad8
16.Bb2 Bd6 17.c5 Be7 18.b4 Ng6 19.Bxg6 hxg6 20.Nh4 g5 21.Ng6 Bc8 22.Rd3 Rd5
23.Rg3 Red8 24.h4 gxh4 25.Nxh4 Kf7 26.Re1 Rh8 27.Ng6 Rh6 28.Qd3 Bd8 29.Bc1 Rdh5
30.Bxh6 Rxh6 31.Qf3 a5 32.a3 axb4 33.axb4 Qb8 34.Ne5+ Kg8 35.Ng4 Rh8 36.Nxf6+ Bxf6
37.Qxf6 Qxg3 38.Qd8+ Kf7 39.Qxh8 Qc3 40.Re3 Qxd4 41.Rf3+  1-0

[Event "Ozery op2 Seniors"]
[Site "Ozery"]
[Date "1997.??.??"]
[Round "8"]
[White "Ljavdansky, Vladimir"]
[Black "Zhuravliov, Valerij"]
[Result "1/2-1/2"]
[WhiteElo "2305"]
[BlackElo "2450"]

1.d4 d5 2.c4 e6 3.Nc3 Nf6 4.Nf3 c6 5.e3 Nbd7 6.Qc2 Be7 7.b3 O-O 8.Bd3 Re8
9.Bb2 Nf8 10.O-O Bd7 11.a3 Qc7 12.Ne5 Rad8 13.f4 Bc8 14.c5 N6d7 15.Nxd7 Bxd7
16.b4 f6 17.Ne2 Rc8 18.Rf3 Bd8 19.Rh3 g6 20.Rg3 f5  1/2-1/2

[Event "Ozery op1 Seniors"]
[Site "Ozery"]
[Date "1997.??.??"]
[Round "10"]
[White "Arkhangelsky, Boris"]
[Black "Agrinsky, Vladimir P"]
[Result "1-0"]
[WhiteElo "2425"]
[BlackElo "2215"]

1.d4 d5 2.c4 c6 3.Nc3 e6 4.e3 Nf6 5.Nf3 Nbd7 6.Bd3 dxc4 7.Bxc4 b5 8.Bd3 a6
9.e4 c5 10.d5 c4 11.Bc2 Qc7 12.O-O Bb7 13.dxe6 fxe6 14.Nd4 Nc5 15.Qe2 O-O-O
16.Be3 b4 17.Na4 Nxa4 18.Nxe6 Qc6 19.Nxd8 Kxd8 20.Bxa4 Qxa4 21.Rfd1+ Ke8
22.Rac1 Qb5 23.Rxc4 Be7 24.a4 bxa3 25.bxa3 Nxe4 26.Qc2 Nd6 27.Rb4 Qd7 28.h3 g6
29.Bf4 Rf8 30.Bxd6 Bxd6 31.Rxd6 Qxd6 32.Rxb7 Rf5 33.Rxh7  1-0

[Event "RUS-ch sf"]
[Site "Perm"]
[Date "1997.??.??"]
[Round "1"]
[White "Potapov, Alexander"]
[Black "Sviridov, Alexander"]
[Result "1-0"]
[WhiteElo "2455"]
[BlackElo "2295"]

1.d4 d5 2.c4 c6 3.Nc3 Nf6 4.e3 e6 5.Nf3 Nbd7 6.Bd3 dxc4 7.Bxc4 b5 8.Be2 a6
9.e4 Bb7 10.e5 Nd5 11.Nxd5 cxd5 12.O-O Nb6 13.Ne1 Be7 14.Nd3 Qd7 15.Bd2 O-O
16.b3 Nc8 17.Ba5 Bc6 18.Qd2 Qb7 19.Rac1 Nb6 20.Nc5 Bxc5 21.Rxc5 Nd7 22.Rxc6 Qxc6
23.Rc1 Qb7 24.Rc7 Qb8 25.Rxd7 Ra7 26.Rxa7 Qxa7 27.Bb4 Rc8 28.Bc5 Qc7 29.h4 Qd8
30.g3 f6 31.exf6 Qxf6 32.Qg5 Kf7 33.Qe3 Rg8 34.Kg2 g5 35.Bh5+ Kg7 36.hxg5 Qf5
37.Bg4 Qxg4 38.Qe5+  1-0

[Event "RUS-ch sf"]
[Site "Perm"]
[Date "1997.??.??"]
[Round "7"]
[White "Shinkevich, Vitaly"]
[Black "Bashkov, Viacheslav"]
[Result "1/2-1/2"]
[WhiteElo "2375"]
[BlackElo "2435"]

1.d4 d5 2.c4 e6 3.Nc3 c6 4.e3 Nf6 5.Nf3 Nbd7 6.Bd3 dxc4 7.Bxc4 b5 8.Bd3 a6
9.e4 c5 10.e5 cxd4 11.Ne4 Nd5 12.Bg5 Qa5+ 13.Kf1 h6 14.Bh4 Bb7 15.a4 Qb4
16.axb5 axb5 17.Rxa8+ Bxa8 18.Qa1 N5b6 19.Ke2 Bc5 20.Rc1 Bxe4 21.Bxe4 O-O
22.Rc2 Nc4 23.Bg3 Ndb6 24.Ne1 Qb3 25.Qc1 Be7 26.Nd3 Nd5 27.Bxd5 exd5 28.f4 Ra8
29.Qd1 Bd8 30.Bf2 Ne3 31.Bxe3 dxe3 32.Nc5 Qa2 33.b3 Qa7 34.Qxd5 Be7 35.e6 fxe6
36.Qxe6+ Kh8 37.Nd7 Bb4 38.Ne5 Qb7 39.Qc6 Qxc6 40.Nxc6 Bd2 41.Ne7 Kh7 42.f5 h5
43.Rc8 Rxc8 44.Nxc8 Kh6 45.Nd6 Kg5 46.Nxb5 Kxf5 47.Nd6+ Kf4 48.Nc4 Bb4 49.Nxe3 Bc5
50.Nf1 h4 51.Nd2 g5 52.Nf3 Be7 53.Kf2 Bc5+ 54.Ke2 Be7 55.Ne1 g4 56.b4 h3
57.Nd3+ Ke4 58.g3  1/2-1/2

[Event "RUS-ch sf"]
[Site "Perm"]
[Date "1997.??.??"]
[Round "11"]
[White "Goldstein, Grigory"]
[Black "Alavkin, Arseny"]
[Result "0-1"]
[WhiteElo "2280"]
[BlackElo "2375"]

1.c4 c6 2.Nc3 d5 3.d4 Nf6 4.Nf3 e6 5.e3 Nbd7 6.a3 Bd6 7.Qc2 b6 8.cxd5 exd5
9.Bd3 Bb7 10.O-O O-O 11.Re1 c5 12.Bf1 Ne4 13.Nxe4 dxe4 14.Nd2 Rc8 15.Nxe4 cxd4
16.Qb1 Bxh2+ 17.Kxh2 Qh4+ 18.Kg1 Bxe4 19.Bd3 Nc5 20.Bxe4 Nxe4 21.Rf1 Rc5
22.f4 Re8 23.Rf3 Rh5 24.Rh3 Qf2+  0-1

[Event "PER-ch45"]
[Site "Peru"]
[Date "1997.??.??"]
[Round "4"]
[White "Galvan, Jesus"]
[Black "Miguel, Fernando"]
[Result "1-0"]
[WhiteElo "2115"]
[BlackElo "2350"]

1.d4 Nf6 2.c4 c6 3.Nc3 d5 4.Nf3 e6 5.e3 Nbd7 6.Qc2 Be7 7.g4 dxc4 8.Bxc4 b5
9.Be2 b4 10.Na4 Bb7 11.Bd2 O-O 12.g5 Nd5 13.Nc5 Nxc5 14.dxc5 Qa5 15.Ne5 Bxg5
16.a3 Qc7 17.Nf3 Bf6 18.axb4 Bc8 19.O-O e5 20.Kh1 Bg4 21.Ng5 Bxg5 22.Bxg4 g6
23.Rfd1 f5 24.e4 Nxb4 25.Qc4+ Qf7 26.Qxf7+ Rxf7 27.exf5 gxf5 28.Bh5 Nd3 29.Bxf7+ Kxf7
30.Bxg5 Nxf2+ 31.Kg2 Nxd1 32.Rxd1 Rg8 33.h4 h6 34.Rd7+ Ke8 35.Re7+ Kf8 36.Rxe5 hxg5
37.Rxf5+ Ke7 38.hxg5 Ke6 39.Rf6+ Kd5 40.g6 Kxc5 41.Kf3 a5 42.Ke4 a4 43.Kf5 Kb5
44.Rf7 Kc4 45.g7 Kb3 46.Rb7+ Ka2 47.Kg6 c5 48.Kf7 Rc8 49.g8=Q Rxg8 50.Kxg8 a3
51.bxa3 Kxa3 52.Rc7 Kb4 53.Kf7  1-0

[Event "World op"]
[Site "Philadelphia"]
[Date "1997.??.??"]
[Round "3"]
[White "Kaufman, Larry C"]
[Black "Shabalov, Alexander"]
[Result "0-1"]
[WhiteElo "2415"]
[BlackElo "2585"]

1.d4 d5 2.c4 c6 3.Nc3 Nf6 4.e3 e6 5.Nf3 Nbd7 6.Bd3 a6 7.b3 b5 8.O-O Bd6 9.Qc2 O-O
10.e4 dxc4 11.bxc4 e5 12.Ne2 Qc7 13.cxb5 axb5 14.Bb2 exd4 15.Nexd4 Ne5 16.Rfc1 Nfg4
17.h3 Nxd3 18.Qxd3 Bh2+ 19.Kf1 Ne5 20.Nxe5 Qxe5 21.Rc2 b4 22.Nxc6 Qg5 23.Nxb4 Rd8
24.Qc3 h5 25.Re1 h4 26.Qc5 Qg6 27.Qc6 Bd7 28.Qxg6 Bb5+ 29.Rce2 fxg6 30.a3 Rd2
31.Bc1 Rd4 32.Nd5 Rxe4 33.Nc3 Bxe2+ 34.Rxe2 Rd4 35.Ra2 Rc8 36.Bb2 Rd2 37.Ne4 Rdc2
38.a4 Rb8 39.a5 Rbxb2 40.Rxb2 Rxb2  0-1

[Event "World op"]
[Site "Philadelphia"]
[Date "1997.??.??"]
[Round "5"]
[White "Sorkin, Igor"]
[Black "Waitzkin, Joshua"]
[Result "0-1"]
[WhiteElo "2275"]
[BlackElo "2435"]

1.d4 d5 2.c4 c6 3.Nf3 Nf6 4.Nc3 e6 5.e3 Nbd7 6.Bd3 dxc4 7.Bxc4 b5 8.Bd3 a6
9.e4 c5 10.d5 Qc7 11.dxe6 fxe6 12.O-O c4 13.Bc2 Bd6 14.Nh4 Nb6 15.Kh1 Bd7
16.f4 e5 17.Nf3 Bg4 18.a4 b4 19.a5 Bxf3 20.Rxf3 Nbd7 21.Nd5 Nxd5 22.Qxd5 O-O-O
23.fxe5 Nxe5 24.Qa8+ Qb8 25.Qxa6+ Qb7 26.Qxb7+ Kxb7 27.a6+ Kc7 28.Rf1 Rhf8
29.Rxf8 Rxf8 30.Be3 b3 31.a7 bxc2 32.a8=Q c1=Q+  0-1

[Event "Pinar del Rio"]
[Site "Pinar del Rio"]
[Date "1997.??.??"]
[Round "9"]
[White "Elissalt Cardenas, Hector"]
[Black "Pupo, Emilio"]
[Result "1/2-1/2"]
[WhiteElo "2410"]
[BlackElo "2400"]

1.d4 d5 2.c4 e6 3.Nc3 c6 4.Nf3 Nf6 5.e3 Nbd7 6.Be2 Bb4 7.O-O O-O 8.Bd2 Qe7
9.a3 Bxc3 10.Bxc3 b6  1/2-1/2

[Event "Pinar del Rio"]
[Site "Pinar del Rio"]
[Date "1997.??.??"]
[Round "11"]
[White "Elissalt Cardenas, Hector"]
[Black "Camacho Penate, G."]
[Result "1/2-1/2"]
[WhiteElo "2410"]
[BlackElo "2305"]

1.d4 d5 2.c4 c6 3.Nc3 Nf6 4.Nf3 e6 5.e3 Nbd7 6.Bd3 Bd6 7.O-O O-O 8.b3 Qe7
9.Bb2 e5 10.dxe5 Nxe5 11.Nxe5 Bxe5 12.cxd5  1/2-1/2

[Event "Plzen KB opJ-A"]
[Site "Plzen"]
[Date "1997.??.??"]
[Round "2"]
[White "Tupy, Martin"]
[Black "Slugin, Sergey"]
[Result "0-1"]
[WhiteElo "2235"]
[BlackElo "2305"]

1.d4 d5 2.c4 c6 3.Nf3 Nf6 4.Nc3 e6 5.e3 Nbd7 6.Bd3 dxc4 7.Bxc4 b5 8.Bd3 b4
9.Ne4 Bb7 10.O-O Be7 11.Nxf6+ Nxf6 12.e4 c5 13.Bb5+ Kf8 14.e5 Nd5 15.dxc5 Bxc5
16.Qe2 Qb6 17.Ng5 h6 18.Ne4 Ke7 19.Nxc5 Qxc5 20.Bd2 Rae8 21.a3 b3 22.Rfd1 Qb6
23.Qd3 Bc6 24.Bc4 Rb8 25.Bb4+ Ke8 26.Bd6 Rb7 27.Qg3 g5 28.Rd3 Nf4 29.Rd2 Bxg2
30.Rc1 Qc6 31.h3 Bd5 32.Qc3 Bxc4  0-1

[Event "Plzen KB opJ-A"]
[Site "Plzen"]
[Date "1997.??.??"]
[Round "5"]
[White "Pedersen, N."]
[Black "Virostko, Petr"]
[Result "1/2-1/2"]
[WhiteElo "2300"]
[BlackElo "2105"]

1.d4 d5 2.c4 c6 3.Nc3 Nf6 4.e3 e6 5.Nf3 Nbd7 6.Be2 Bd6 7.O-O O-O 8.b3 Re8
9.Bb2 Qe7 10.Qc2 b6 11.e4 Nxe4 12.Nxe4 dxe4 13.Qxe4 Bb7 14.Ne5 f5 15.Qe3 c5
16.Bh5 cxd4 17.Bf7+ Kf8 18.Nxd7+ Kxf7 19.Ne5+ Bxe5 20.Qxe5 Qg5 21.f3 Qe3+
22.Qxe3 dxe3 23.Be5 g5 24.Rfd1 Rad8 25.Kf1 g4 26.Ke2 Rd2+ 27.Rxd2 exd2 28.Rd1 gxf3+
29.gxf3 Rg8 30.Bg3 Rd8 31.f4 Be4 32.Rxd2 Rxd2+ 33.Kxd2 Ke7 34.Kc3 Kd6 35.b4 a6
36.a4 Bc6 37.Kb3 b5 38.cxb5 axb5 39.a5 Kc7 40.Kc3 Kb7 41.Kd4 Ka6 42.Kc5 Bd5
43.Bf2 h5 44.Bh4 Bc4 45.Kc6 Bd5+ 46.Kc7 Bc4 47.Bf2 Bd5 48.Bh4 Bc4 49.Bd8 Bd5
50.Kd6 Bc4 51.Ke5 Bd5 52.h4 Bc4 53.Kf6 Bd5 54.Kg5 Bf3 55.Kg6 Be2 56.Bb6 Bf3
57.Kf6 Bd5 58.Kg5 Bf3 59.Kg6 Be2 60.Bd4 Bf3 61.Be5 Be2 62.Kg7 Bf3 63.Kf6 Bd5
64.Kf7 Bc4 65.Kg6 Be2 66.Kg5 Bf3  1/2-1/2

[Event "Plzen KB opJ-A"]
[Site "Plzen"]
[Date "1997.??.??"]
[Round "7"]
[White "Neuman, Petr"]
[Black "Johansen, Morten"]
[Result "0-1"]
[WhiteElo "2385"]
[BlackElo "2240"]

1.d4 d5 2.c4 c6 3.Nc3 Nf6 4.Nf3 e6 5.e3 Nbd7 6.Bd3 Bd6 7.e4 dxe4 8.Nxe4 Nxe4
9.Bxe4 h6 10.O-O O-O 11.Bc2 e5 12.Qd3 f5 13.c5 Bc7 14.Qb3+ Kh7 15.dxe5 Nxe5
16.Bf4 Be6 17.Qc3 Nxf3+ 18.Qxf3 Bd5 19.Qg3 Bxf4 20.Qxf4 Qf6 21.Rae1 Qxb2
22.Bxf5+ Kg8 23.Qg4 Qf6 24.Bb1 Rae8 25.Qg3 Re6 26.Rxe6 Qxe6 27.a3 b6 28.Qc3 Re8
29.Rc1 Qg4 30.f3 Qf4 31.cxb6 axb6 32.Re1 Rxe1+ 33.Qxe1 Qd4+ 34.Qf2 Qc3 35.h3 Qc1+
36.Qf1 Qxa3 37.Qd3  0-1

[Event "Polanica Zdroj op"]
[Site "Polanica Zdroj"]
[Date "1997.??.??"]
[Round "7"]
[White "Sakalauskas, Vaidas"]
[Black "Sherbakov, Ruslan"]
[Result "0-1"]
[WhiteElo "2375"]
[BlackElo "2580"]

1.d4 d5 2.c4 e6 3.Nc3 c6 4.Nf3 Nf6 5.e3 Nbd7 6.Bd3 dxc4 7.Bxc4 b5 8.Bd3 Bb7
9.O-O a6 10.e4 c5 11.d5 Qc7 12.dxe6 fxe6 13.Bc2 O-O-O 14.Qe2 Ng4 15.h3 Nge5
16.Nxe5 Nxe5 17.f4 Nc6 18.Be3 Nd4 19.Bxd4 cxd4 20.Nd1 g5 21.Bd3 gxf4 22.Nf2 f3
23.Qxf3 Bh6 24.Qf6 Be3 25.Kh1 h5 26.Nd1 Kb8 27.Nxe3 dxe3 28.Rad1 Rhg8 29.Qf3 Rg3
30.Qe2 Rdg8 31.Rf3 Rxg2 32.Qxg2 Rxg2 33.Kxg2 Qg7+ 34.Kf1 Qxb2 35.Rxe3 Qxa2
36.Be2 b4 37.Rd7 b3 38.Bc4 Qa4 39.Rxb7+ Kxb7 40.Bxb3 Qd4 41.Ke2 Qb2+ 42.Ke1 Qe5
43.Bc2 a5 44.Kd1 Qa1+ 45.Kd2 a4  0-1

[Event "POL-ch sf"]
[Site "Poraj "]
[Date "1997.??.??"]
[Round "7"]
[White "Ehrenfeucht, Wojciech"]
[Black "Kaszowski, Dariusz"]
[Result "1/2-1/2"]
[WhiteElo "2290"]
[BlackElo "2245"]

1.Nf3 d5 2.c4 c6 3.e3 Nf6 4.Nc3 e6 5.d4 Nbd7 6.Bd3 dxc4 7.Bxc4 b5 8.Bd3 Bb7
9.O-O b4 10.Ne4 Be7 11.Nxf6+ Nxf6 12.e4 O-O 13.Qe2 c5 14.dxc5 Nd7 15.c6 Bxc6
16.Be3 Bb7 17.Rfd1 Nc5 18.Bc4 Qc7 19.Rac1 Bxe4 20.Nd2 Bb7 21.Nb3 Nxb3 22.Bxb3 Qb8
23.Rd7 Bd6 24.Bxe6 fxe6 25.Qg4 Bxh2+ 26.Kh1 Be5 27.Bd4 Rf7 28.Qxe6 Qe8 29.Qxf7+ Qxf7
30.Rxf7 Kxf7 31.Bxe5 Rc8  1/2-1/2

[Event "Porto San Giorgio op"]
[Site "Porto San Giorgio"]
[Date "1997.??.??"]
[Round "1"]
[White "Arlandi, Ennio"]
[Black "Scotti, Umberto"]
[Result "1-0"]
[WhiteElo "2470"]
[BlackElo "2135"]

1.d4 d5 2.c4 c6 3.Nc3 Nf6 4.e3 e6 5.Nf3 Nbd7 6.Qc2 Bd6 7.Bd3 O-O 8.O-O Qe7
9.c5 Bc7 10.e4 dxe4 11.Nxe4 h6 12.Re1 Nxe4 13.Bxe4 Nf6 14.Bd3 Bd7 15.Bd2 b6
16.b4 bxc5 17.bxc5 Rfd8 18.Reb1 Rab8 19.Qa4 Be8 20.Rb3 Nd5 21.g3 Rxb3 22.axb3 Bb8
23.Ba5 Rc8 24.Ba6 Qf6 25.Ne5  1-0

[Event "GER-chT Seniors"]
[Site "Potsdam"]
[Date "1997.??.??"]
[Round "2"]
[White "Papapostolou, Christos"]
[Black "Heigl, Rudolf"]
[Result "1/2-1/2"]
[WhiteElo "2190"]
[BlackElo "2215"]

1.d4 d5 2.c4 e6 3.Nc3 Nf6 4.Nf3 c6 5.e3 Nbd7 6.Bd3 dxc4 7.Bxc4 b5 8.Bd3 a6
9.e4 c5 10.d5 e5 11.O-O Bd6 12.Bg5 h6 13.Bd2 c4 14.Bc2 Nc5 15.Qe2 O-O 16.h3 Bd7
17.Rfe1 Re8 18.Nh2 b4 19.Nd1 Rb8 20.Ng4 Nxg4 21.hxg4 Qh4 22.Ne3 Nd3 23.Bxd3 cxd3
24.Qxd3 Bb5 25.Qb3 Bc5 26.Qd1 Bd7 27.Qf3 Bd4 28.Rab1 Rec8 29.Rec1 Rxc1+ 30.Bxc1 Rc8
31.Bd2 a5 32.b3 Bxe3 33.Qxe3 Rc2 34.Ra1 Qxg4 35.Qd3 Rc5 36.Rc1 Bb5 37.Qf3 Qc8
38.Rxc5 Qxc5 39.Qg3 Qd4 40.Be3 Qd1+ 41.Kh2 Qh5+ 42.Qh3 Qg6 43.f3 Qa6 44.Qh4 Qd6
45.Qf2 f5 46.Bc5 Qf6 47.exf5 Qxf5 48.Qd2 e4 49.fxe4 Qxe4 50.Bf2 Bd3 51.d6 Kf7
52.Qe3 Qxe3 53.Bxe3 Ke6 54.Bb6 Kxd6 55.Bxa5 Kc5 56.Bd8 Bb1 57.Be7+ Kb5 58.a3 bxa3
59.Bxa3 g6 60.Bc1  1/2-1/2

[Event "SVK-ch"]
[Site "Presov"]
[Date "1997.??.??"]
[Round "5"]
[White "Konopka, Michal"]
[Black "Blaho, Stefan"]
[Result "1-0"]
[WhiteElo "2415"]
[BlackElo "2205"]

1.d4 d5 2.Nf3 Nf6 3.c4 c6 4.Nc3 e6 5.e3 Nbd7 6.Qc2 Bd6 7.g4 h6 8.Bd2 a6 9.Rg1 e5
10.cxd5 cxd5 11.dxe5 Nxe5 12.Nxe5 Bxe5 13.h3 Bd7 14.Bg2 Rc8 15.Qd3 Bc6 16.O-O-O O-O
17.f4 d4 18.fxe5 dxc3 19.Bxc3 Qxd3 20.Rxd3 Ne4 21.Bxe4 Bxe4 22.Rd4 Bc6 23.Rd6 Rfe8
24.g5 hxg5 25.Rxg5 Re6 26.Rd4 g6 27.h4 Rce8 28.Rf4 Kg7 29.Rg1 Rh8 30.Rgf1 Be8
31.Rd4 Bc6 32.Rf6 Rhe8 33.Rdf4 Rxf6 34.Rxf6 Re6 35.Rf4 Kg8 36.Kd2 Bd5 37.a3 Bc6
38.Ke2 Re8 39.Kf2 Re6 40.Kg3 Re8 41.Kg4 Bd5 42.Kg5 Bc6 43.Rf6 Bd5 44.Rd6 Be6
45.Kh6 Bf5 46.Rd2 Rc8 47.Bb4 Re8 48.Be7 Rc8 49.Rf2 Rc2 50.Rf4 Rd2 51.Rb4 Rd7
52.Bf6 Kf8 53.Rc4 Rd5 54.Rc7 Rb5 55.b4 a5 56.a4 axb4 57.axb5 b3 58.e4 b2
59.exf5 Ke8 60.e6  1-0

[Event "SVK-ch"]
[Site "Presov"]
[Date "1997.??.??"]
[Round "9"]
[White "Plachetka, Jan"]
[Black "Solodovnichenko, Yuri"]
[Result "1-0"]
[WhiteElo "2445"]
[BlackElo "2350"]

1.Nf3 Nf6 2.d4 d5 3.c4 c6 4.Nc3 e6 5.e3 Nbd7 6.Qc2 Bd6 7.b3 O-O 8.Be2 Qe7
9.O-O Re8 10.a4 dxc4 11.bxc4 e5 12.Re1 e4 13.Nd2 Nf8 14.c5 Bb8 15.Ba3 Ng6
16.Nc4 Nh4 17.Nd6 Bxd6 18.cxd6 Qe6 19.Bf1 Nf5 20.d5 Nxd5 21.Nxd5 cxd5 22.Qc7 a6
23.Rab1 Nh4 24.Red1 Bd7 25.Rxb7 Bxa4 26.Rc1 Bb5 27.d7 Red8 28.Bxb5 axb5 29.Bc5 Ng6
30.h3 Nf8 31.Bxf8 Kxf8 32.Qc5+ Qe7 33.Qxd5 b4 34.Rb1 Rab8 35.Rxb8 Rxb8 36.Rxb4 Rd8
37.Rd4 h6 38.g4 Kg8 39.Kg2 Kf8 40.Kg3 g6 41.h4 g5 42.h5 Kg8 43.Kg2 Kg7 44.Qc6 f6
45.Qd5 Kf8 46.Qf5 Qf7 47.Rd6 Ke7 48.Rd4 Kf8 49.Kg3 Qe7 50.Rxe4  1-0

[Event "EU-chT (Men)"]
[Site "Pula"]
[Date "1997.??.??"]
[Round "1"]
[White "Schroll, Gerhard"]
[Black "Pavasovic, Dusko"]
[Result "1-0"]
[WhiteElo "2385"]
[BlackElo "2460"]

1.c4 e6 2.d4 d5 3.Nc3 c6 4.e3 Nf6 5.Nf3 Nbd7 6.Bd3 dxc4 7.Bxc4 b5 8.Bd3 a6
9.e4 c5 10.e5 cxd4 11.Nxb5 axb5 12.exf6 gxf6 13.O-O Qb6 14.Re1 Bb7 15.Bf4 Bb4
16.Nd2 Nc5 17.Bf1 Bd5 18.Qh5 Rxa2 19.Rac1 Bb7 20.Bxb5+ Ke7 21.Nc4 Qxb5 22.Nd6 Qc6
23.Qxf7+ Kd8 24.Qxf6+ Kc7 25.Nc4+  1-0

[Event "EU-chT (Men)"]
[Site "Pula"]
[Date "1997.??.??"]
[Round "1"]
[White "Krasenkow, Michal"]
[Black "Timman, Jan H"]
[Result "1-0"]
[WhiteElo "2615"]
[BlackElo "2630"]

1.d4 d5 2.c4 c6 3.Nc3 Nf6 4.e3 e6 5.Nf3 Nbd7 6.Bd3 dxc4 7.Bxc4 b5 8.Bd3 Bb7
9.O-O a6 10.e4 c5 11.d5 Qc7 12.b3 Be7 13.a4 exd5 14.Nxd5 Nxd5 15.exd5 O-O
16.axb5 axb5 17.Rxa8 Rxa8 18.Bxb5 Nf6 19.Bb2 Nxd5 20.Re1 Bf6 21.Ne5 Rd8 22.Qc1 h6
23.Bc4 Re8 24.f4 Bxe5 25.fxe5 Qc6 26.Rf1 Re7 27.Rf3 g5 28.Rg3 Kf8 29.h4 gxh4
30.Bxd5 Qxd5 31.Qxh6+ Ke8 32.Qxh4 Kd7 33.Bc3 Re8 34.b4 cxb4 35.Qxb4 Qd1+
36.Be1 Bc6 37.Rg4 Qe2 38.Qd6+  1-0